000 00835nam a2200277 a 4500
001 57595
003 BD-RjUL
005 20211209080531.0
008 701211s1970 enka b 001 0 eng
020 _a0854920102
035 _a(BD-RjUL)57719
040 _aDLC
_cDLC
_dBD-RjUL
_beng
041 _aeng
082 0 0 _a658
_223
_bLUM 1970
100 1 _aLupton, Tom.
_9171013
245 1 0 _aManagement and the social sciences :
_ban essay /
_cTom Lupton
250 _a2nd ed.
260 _aLondon :
_bLyon, Grant, & Green,
_c1970.
300 _axii, 123 p. :
_bill. ;
_c23 cm.
490 0 _aAdministrative Staff College publications
504 _aBibliography: p. 116.
650 0 _aIndustrial management.
_9171014
650 0 _aManagement
_9172842
830 _aAdministrative Staff College publications
_9173901
942 _2ddc
_cBK
999 _c57595
_d57595